01110nam a22001937a 4500008004100000040001800041041000800059111005400067245032300121260009300444300002500537506002200562650007400584650006200658650005200720650002200772650005100794650007100845130821s2002 ck a gr spa  aCo-BoUCMbspa0 aspa2 aSeminario de Archivos Bancariosd(2002cBogotá)10aEstudio diagnóstico producción documental y propuesta normalización de archivos en entidades bancariasb(una aproximación a la problemática de los archivos del sector)cseparata del Seminario de Archivos Bancarios (13 al 15 de noviambre de 2002), Sistema Nacional de Archivos, Archivo General de la Nación. aBogotá (Colombia)bSistema Nacional de Archivos ; Archivo General de la Naciónc2002 a59 páginasbtablas aConsulta en sala.04aAdministración de archivoszColombiavCongresos, conferencias, etc.04aBancosxArchivoszColombiavCongresos, conferencias, etc.04aBancoszColombiavCongresos, conferencias, etc.04aBibliotecología04aDocumentaciónvCongresos, conferencias, etc.04aInstituciones financieraszColombiavCongresos, conferencias, etc.